000 00456nam a2200181Ia 4500
005 20250603145444.0
008 250603s9999 xx 000 0 und d
020 _a9789782669490
050 _aHF 5547 .O33/
100 _aOhakwe, Sabastine N.
245 0 _aOffice administration and management
260 _aOwerri, Imo State
260 _bReadon Publishers Ltd.
260 _c2012
300 _a260 p
650 _aOwerri, Imo State
942 _cBK
999 _c41908
_d41908